[Event "Gibtelecom Masters 8th"]
[Site "Gibraltar"]
[Date "2010.02.03"]
[Round "9.73"]
[White "Haarr, Jon Kristian"]
[Black "Stanek, Stanislav"]
[Result "1/2-1/2"]
[WhiteElo "2157"]
[BlackElo "2007"]
[PlyCount "130"]
[EventDate "2010.01.26"]
[EventType "swiss"]
[EventRounds "10"]
[EventCountry "GGB"]
[SourceDate "2005.02.07"]

1. e4 e5 2. f4 exf4 3. Bc4 d6 4. d4 Nf6 5. Nc3 Be6 6. Be2 c6 7. Bxf4 Be7 8. Nf3
d5 9. e5 Nfd7 10. O-O Nf8 11. Bd3 Ng6 12. Be3 Nd7 13. Ne2 Ndf8 14. c3 Bg4 15Qc2 Ne6 16. h3 Bxf3 17. Rxf3 O-O 18. Raf1 Bg5 19. Bf2 Bh4 20. g3 Ng5 21. Rf5
Nxh3+ 22. Kg2 Nxf2 23. Kxf2 Bg5 24. Rh1 h6 25. Kg2 Rc8 26. e6 fxe6 27. Rxg5
Qxg5 28. Bxg6 Rf6 29. Bh7+ Kh8 30. Rf1 Rcf8 31. Rxf6 Rxf6 32. Bd3 h5 33. Qc1
Qg4 34. Qe3 h4 35. Ng1 Kg8 36. Be2 Qg6 37. Bd3 Qg4 38. Be2 Qxg3+ 39. Qxg3 hxg3
40. Nf3 Kf7 41. Kxg3 Ke7 42. Ne5 Kd6 43. Ng4 Rf8 44. Ne5 c5 45. Bd3 cxd4 46cxd4 Rf6 47. Be2 Rf5 48. Bf3 a5 49. Kf2 b6 50. Ke3 Rf8 51. Kd2 Rc8 52. Bg4 Rc7
53. Bh3 g5 54. Bg4 Rh7 55. Be2 Rh4 56. Kc3 Rh3+ 57. Kc2 Rh4 58. Kd3 Rh3+ 59Kd2 Ke7 60. Bg4 Rh2+ 61. Be2 Rh3 62. Nc6+ Kd6 63. Ne5 Ke7 64. Bg4 Rh2+ 65. Be2
Rh3 1/2-1/2

[Event "Gibtelecom Masters 8th"]
[Site "Gibraltar"]
[Date "2010.02.03"]
[Round "9.74"]
[White "Valgmae, Toomas"]
[Black "Frey, Matthias"]
[Result "1-0"]
[WhiteElo "2154"]
[BlackElo "1907"]
[PlyCount "27"]
[EventDate "2010.01.26"]
[EventType "swiss"]
[EventRounds "10"]
[EventCountry "GGB"]
[SourceDate "2005.02.07"]

1. d4 Nf6 2. c4 c5 3. d5 b5 4. cxb5 a6 5. bxa6 Bxa6 6. Nc3 g6 7. Nf3 Bg7 8. g3
O-O 9. Bg2 d6 10. O-O Nbd7 11. Rb1 Ng4 12. Re1 c4 13. h3 Qb6 14. hxg4 1-0

[Event "Gibtelecom Masters 8th"]
[Site "Gibraltar"]
[Date "2010.02.03"]
[Round "9.75"]
[White "Popa-Matei, Viorel-Ovidiu"]
[Black "Carame Gonzalez, Francisco"]
[Result "0-1"]
[WhiteElo "2137"]
[BlackElo "1977"]
[PlyCount "108"]
[EventDate "2010.01.26"]
[EventType "swiss"]
[EventRounds "10"]
[EventCountry "GGB"]
[SourceDate "2005.02.07"]

1. e4 e6 2. d4 d5 3. Nd2 c5 4. c3 cxd4 5. cxd4 Nc6 6. Ngf3 dxe4 7. Nxe4 Be7 8Bc4 Nf6 9. Nc3 O-O 10. O-O a6 11. a3 Qc7 12. Qe2 b5 13. Bd3 Rd8 14. Be3 Bb7 15Rac1 Rac8 16. h3 Qb8 17. b4 h6 18. Rfd1 Bf8 19. Bb1 Ne7 20. Ne5 Qa8 21. Ng4
Nxg4 22. Qxg4 Kh8 23. d5 Nxd5 24. Bd4 Nxc3 25. Rxc3 Rxc3 26. Bxc3 Rxd1+ 27Qxd1 Bxg2 28. Qd3 f5 29. Qe3 Qd5 30. Qxh6+ Kg8 31. Qe3 Bf3 32. Bd3 f4 33. Qd4
Qg5+ 34. Kf1 Qg2+ 35. Ke1 Qg1+ 36. Bf1 Bd5 37. f3 Qg3+ 38. Qf2 Qg6 39. Kd2 Qb1
40. Bd3 Qa2+ 41. Bc2 Bb3 42. Kd3 Be7 43. Qd2 Bxc2+ 44. Qxc2 Qc4+ 45. Kd2 Bf6
46. Bxf6 Qxc2+ 47. Kxc2 gxf6 48. Kd3 Kf7 49. Ke4 e5 50. Kf5 Kg7 51. Kg4 Kg6 52Kh4 f5 53. a4 bxa4 54. b5 a3 0-1

[Event "Gibtelecom Masters 8th"]
[Site "Gibraltar"]
[Date "2010.02.03"]
[Round "9.76"]
[White "Vinas Guerrero, Carlos A"]
[Black "Marder, Simon"]
[Result "1-0"]
[WhiteElo "2120"]
[BlackElo "1993"]
[PlyCount "85"]
[EventDate "2010.01.26"]
[EventType "swiss"]
[EventRounds "10"]
[EventCountry "GGB"]
[SourceDate "2005.02.07"]

1. e4 Nc6 2. Nf3 Nf6 3. e5 Ng4 4. d4 d6 5. h3 Nh6 6. exd6 Qxd6 7. Nc3 a6 8. g4
f5 9. g5 Nf7 10. Bg2 e5 11. dxe5 Qxd1+ 12. Nxd1 Ncxe5 13. O-O Bd6 14. Nxe5 Bxe5
15. f4 Bd4+ 16. Be3 Bxe3+ 17. Nxe3 O-O 18. Nd5 Bd7 19. Rf2 c6 20. Nb6 Rad8 21Re2 Rfe8 22. Rae1 Rxe2 23. Rxe2 Kf8 24. Kf2 Nd6 25. Na4 Be8 26. Bf3 Bf7 27. b3
Bd5 28. Bxd5 cxd5 29. Re5 g6 30. Ke3 Ne4 31. Kd4 Rc8 32. c3 Nf2 33. Rxd5 Nxh3
34. Rd7 Nxf4 35. Rxh7 Re8 36. Nc5 Ne6+ 37. Nxe6+ Rxe6 38. Rxb7 Re4+ 39. Kd5 Rg4
40. Ke5 Rg3 41. Kf6 Ke8 42. Kxg6 Rxc3 43. Kxf5 1-0

[Event "Gibtelecom Masters 8th"]
[Site "Gibraltar"]
[Date "2010.02.03"]
[Round "9.77"]
[White "Lombart, Philippe"]
[Black "Tozer, Philip"]
[Result "0-1"]
[WhiteElo "1996"]
[BlackElo "2119"]
[PlyCount "54"]
[EventDate "2010.01.26"]
[EventType "swiss"]
[EventRounds "10"]
[EventCountry "GGB"]
[SourceDate "2005.02.07"]

1. d4 e6 2. c4 f5 3. g3 Nf6 4. Bg2 c6 5. Nh3 d6 6. O-O Be7 7. Nc3 O-O 8. e4
fxe4 9. Nxe4 e5 10. Nxf6+ Bxf6 11. dxe5 Bxe5 12. Bg5 Qe8 13. Re1 Qf7 14. Qe2
Be6 15. Rac1 Nd7 16. Bf4 Qg6 17. Ng5 Bf5 18. Be4 Bxf4 19. gxf4 Nc5 20. Bxf5
Qxf5 21. Rc3 Qxf4 22. Nh3 Qf5 23. Re3 d5 24. cxd5 cxd5 25. Rg3 Ne4 26. Rg4 Rae8
27. f3 Nf6 0-1

[Event "Gibtelecom Masters 8th"]
[Site "Gibraltar"]
[Date "2010.02.03"]
[Round "9.78"]
[White "Royset, Paal"]
[Black "Matto, Manuel"]
[Result "1-0"]
[WhiteElo "2279"]
[BlackElo "1824"]
[PlyCount "77"]
[EventDate "2010.01.26"]
[EventType "swiss"]
[EventRounds "10"]
[EventCountry "GGB"]
[SourceDate "2005.02.07"]

1. e4 d6 2. d4 g6 3. Nc3 Bg7 4. f4 c6 5. a4 Nd7 6. Nf3 Nf8 7. h3 h6 8. Bd3 Bd7
9. O-O Qc8 10. Qe2 e6 11. f5 Qc7 12. Ra3 O-O-O 13. Rb3 exf5 14. Ba6 Re8 15Rxb7 Qxb7 16. Bf4 fxe4 17. Nxe4 Rxe4 18. Bxb7+ Kxb7 19. Qxe4 Ne6 20. Bxd6 Nf6
21. Qd3 Nd5 22. Ne5 Nef4 23. Qb3+ Ka8 24. Nxd7 Bxd4+ 25. Kh2 Rd8 26. Rxf4 Nxf4
27. Bxf4 g5 28. Bg3 f5 29. Bd6 Bb6 30. Qf7 f4 31. b4 Bf2 32. b5 g4 33. c4 g3+
34. Kh1 h5 35. a5 h4 36. a6 f3 37. c5 fxg2+ 38. Kxg2 Bxc5 39. Nxc5 1-0

[Event "Gibtelecom Masters 8th"]
[Site "Gibraltar"]
[Date "2010.02.03"]
[Round "9.79"]
[White "Nuri, Kambez"]
[Black "Mikalsen, Erlend"]
[Result "1-0"]
[WhiteElo "2235"]
[BlackElo "1973"]
[PlyCount "57"]
[EventDate "2010.01.26"]
[EventType "swiss"]
[EventRounds "10"]
[EventCountry "GGB"]
[SourceDate "2005.02.07"]

1. e4 c5 2. Nf3 d6 3. d4 cxd4 4. Nxd4 Nf6 5. Nc3 g6 6. Be3 Bg7 7. f3 O-O 8. Bc4
Nc6 9. Qd2 Bd7 10. O-O-O Rc8 11. Bb3 Ne5 12. Kb1 Nc4 13. Bxc4 Rxc4 14. g4 b5
15. h4 h5 16. gxh5 Nxh5 17. Rhg1 Kh7 18. Nce2 Qc7 19. Ng3 Nxg3 20. Rxg3 Rc8 21h5 g5 22. Rc1 f6 23. h6 Bf8 24. e5 dxe5 25. Qd3+ f5 26. Rxg5 exd4 27. Rxf5 Bxf5
28. Qxf5+ Kg8 29. Rg1+ 1-0

[Event "Gibtelecom Masters 8th"]
[Site "Gibraltar"]
[Date "2010.02.03"]
[Round "9.80"]
[White "Andersen, Niels Erik"]
[Black "Schuetze, Norman"]
[Result "0-1"]
[WhiteElo "1965"]
[BlackElo "2269"]
[PlyCount "64"]
[EventDate "2010.01.26"]
[EventType "swiss"]
[EventRounds "10"]
[EventCountry "GGB"]
[SourceDate "2005.02.07"]

1. d4 Nf6 2. c4 g6 3. Nc3 d5 4. cxd5 Nxd5 5. e4 Nxc3 6. bxc3 Bg7 7. Bc4 c5 8Ne2 O-O 9. O-O Nc6 10. Be3 Bd7 11. Rb1 Qc7 12. Nf4 cxd4 13. Nd5 Qe5 14. cxd4
Qxe4 15. Rxb7 Rad8 16. Nc3 Qh4 17. g3 Qh3 18. Bd5 Be8 19. Rc7 Qf5 20. Qf3 Qxf3
21. Bxf3 Nxd4 22. Bg2 Ne6 23. Rc4 a6 24. a4 Bxc3 25. Rxc3 Bxa4 26. Ra1 Bb5 27Bb7 Rd6 28. Bh6 Rfd8 29. Bg2 Rd1+ 30. Rxd1 Rxd1+ 31. Bf1 Rxf1+ 32. Kg2 Rd1 0-1

[Event "Gibtelecom Masters 8th"]
[Site "Gibraltar"]
[Date "2010.02.03"]
[Round "9.81"]
[White "Skage, Oystein Aagedal"]
[Black "Daoudi, Kamal"]
[Result "1-0"]
[WhiteElo "1935"]
[BlackElo "2155"]
[PlyCount "81"]
[EventDate "2010.01.26"]
[EventType "swiss"]
[EventRounds "10"]
[EventCountry "GGB"]
[SourceDate "2005.02.07"]

1. e4 e5 2. Nf3 Nc6 3. Bb5 a6 4. Ba4 Nf6 5. O-O Nxe4 6. d4 b5 7. Bb3 d5 8. dxe5
Be6 9. Nbd2 Nc5 10. c3 d4 11. Ng5 Qxg5 12. Qf3 O-O-O 13. Qxc6 dxc3 14. Nc4 bxc4
15. Bxg5 Bd5 16. Rad1 Bxc6 17. Rxd8+ Kb7 18. Bxc4 Bb5 19. Bxb5 axb5 20. Be3 Ne6
21. Re8 cxb2 22. Rb1 g6 23. Rxb2 Kc6 24. Rb8 b4 25. Bh6 Bxh6 26. Rxh8 Bg7 27Rxh7 Kb5 28. f4 c5 29. g4 c4 30. f5 c3 31. Rf2 Ng5 32. fxg6 Bxe5 33. Rh5 Bd4
34. Rxg5+ Kb6 35. Re5 fxg6 36. Ree2 Kc5 37. Kg2 Kc4 38. Rf3 Bg7 39. h4 Bh6 40g5 Bg7 41. Kg3 1-0

[Event "Gibtelecom Masters 8th"]
[Site "Gibraltar"]
[Date "2010.02.03"]
[Round "9.82"]
[White "Webster, Richard J"]
[Black "Groffen, Hans"]
[Result "0-1"]
[WhiteElo "1961"]
[BlackElo "2150"]
[PlyCount "68"]
[EventDate "2010.01.26"]
[EventType "swiss"]
[EventRounds "10"]
[EventCountry "GGB"]
[SourceDate "2005.02.07"]

1. e4 e6 2. d4 d5 3. Nc3 Nf6 4. Bg5 Bb4 5. e5 h6 6. Bd2 Bxc3 7. bxc3 Ne4 8. Qg4
Kf8 9. Bd3 Nxd2 10. Kxd2 c5 11. Nf3 c4 12. Be2 b5 13. a3 Nc6 14. h4 a5 15. Qf4
Bd7 16. g4 Ke8 17. Rhg1 Qe7 18. g5 Kd8 19. gxh6 gxh6 20. Nh2 Kc7 21. Rg7 Raf8
22. Bh5 b4 23. axb4 axb4 24. Nf3 bxc3+ 25. Ke3 Qb4 26. Ne1 Qb2 27. Rd1 Nb4 28Rxf7 Rxf7 29. Qxf7 Nxc2+ 30. Nxc2 Qxc2 31. Qg6 Qb3 32. Rc1 c2+ 33. Ke2 Qb2 34Rxc2 Qxd4 0-1

[Event "Gibtelecom Masters 8th"]
[Site "Gibraltar"]
[Date "2010.02.03"]
[Round "9.83"]
[White "Lumsdon, Andrew"]
[Black "Jacobsen, Fredrik Beer"]
[Result "0-1"]
[WhiteElo "2090"]
[BlackElo "1952"]
[PlyCount "106"]
[EventDate "2010.01.26"]
[EventType "swiss"]
[EventRounds "10"]
[EventCountry "GGB"]
[SourceDate "2005.02.07"]

1. d4 g6 2. Nf3 f5 3. c4 Nf6 4. Nc3 Bg7 5. Bg5 O-O 6. h4 Qe8 7. Bxf6 Bxf6 8. e4
fxe4 9. Nxe4 d6 10. Be2 Bg4 11. Qd2 Bxf3 12. Bxf3 Nc6 13. Nxf6+ exf6+ 14. Be2
Qe4 15. O-O-O Nxd4 16. Bd3 Qxg2 17. Rhg1 Qf3 18. Qh6 Nf5 19. Rxg6+ hxg6 20Qxg6+ Kh8 21. Bxf5 Qf4+ 22. Kb1 Qxh4 23. Rd4 Qh1+ 24. Kc2 Rae8 25. Rd3 Re2+ 26Kb3 Rxf2 27. Rh3+ Qxh3+ 28. Bxh3 Rf3+ 29. Kb4 Rxh3 30. Qg2 Rh7 31. Ka3 f5 32Qxb7 Rh3+ 33. b3 f4 34. Qxc7 f3 35. Qxd6 Rf7 36. Qe5+ Kg8 37. Qe8+ Kg7 38. Qe5+
Rf6 39. Qg5+ Kf7 40. Qd5+ Kg6 41. Qg8+ Kf5 42. Qc8+ Re6 43. Qf8+ Ke4 44. c5
Rhh6 45. b4 a6 46. Kb3 Rhf6 47. Qh8 f2 48. Qh1+ Ke3 49. Qc1+ Ke2 50. Qc2+ Kf3
51. Qd1+ Kg3 52. Qf1 Re1 53. Qd3+ Rf3 0-1

[Event "Gibtelecom Masters 8th"]
[Site "Gibraltar"]
[Date "2010.02.03"]
[Round "9.84"]
[White "Jameson, David"]
[Black "Johnson, Paul A"]
[Result "1-0"]
[WhiteElo "2053"]
[BlackElo "1904"]
[PlyCount "133"]
[EventDate "2010.01.26"]
[EventType "swiss"]
[EventRounds "10"]
[EventCountry "GGB"]
[SourceDate "2005.02.07"]

1. c4 e5 2. Nc3 Nf6 3. g3 d5 4. cxd5 Nxd5 5. Qb3 c6 6. Bg2 Nxc3 7. bxc3 Nd7 8d4 Bd6 9. Nf3 O-O 10. O-O exd4 11. cxd4 Nf6 12. Re1 Re8 13. Ng5 Qc7 14. e4 h6
15. e5 hxg5 16. Bb2 Bf8 17. exf6 Be6 18. d5 Bxd5 19. Bxd5 cxd5 20. fxg7 Bxg7
21. Bxg7 Kxg7 22. Qxd5 f6 23. Rac1 Rxe1+ 24. Rxe1 Rd8 25. Qe6 Rd7 26. h4 gxh4
27. Qg4+ Kf8 28. Qxh4 Qd8 29. Qh6+ Kf7 30. Qh7+ Kf8 31. Qh8+ Kf7 32. Qh5+ Kf8
33. Qc5+ Kg8 34. Re4 Rh7 35. Kg2 Qd7 36. Qc4+ Kh8 37. Qe2 Qh3+ 38. Kf3 Qh5+ 39g4 Qh1+ 40. Kf4 Qc1+ 41. Qe3 Qc7+ 42. Kf5 Qd7+ 43. Re6 Rg7 44. Kf4 Kg8 45. Qb3
Kh8 46. Qh3+ Rh7 47. Qe3 Qc7+ 48. Kf5 Qa5+ 49. Kxf6 Qd8+ 50. Ke5 Qc7+ 51. Ke4
Qc4+ 52. Qd4+ Qxd4+ 53. Kxd4 Rd7+ 54. Ke3 Kg7 55. f4 Kf7 56. f5 Rd1 57. Kf4 Ra1
58. Re2 b5 59. Kg5 Rd1 60. Rh2 Kg8 61. Kg6 a5 62. f6 Rd6 63. Rc2 Rd8 64. Rc7
Rb8 65. Ra7 a4 66. Rg7+ Kf8 67. Rh7 1-0

[Event "Gibtelecom Masters 8th"]
[Site "Gibraltar"]
[Date "2010.02.03"]
[Round "9.87"]
[White "Pereira, Johnharry"]
[Black "Hamer, Martyn"]
[Result "0-1"]
[WhiteElo "1892"]
[BlackElo "2039"]
[PlyCount "94"]
[EventDate "2010.01.26"]
[EventType "swiss"]
[EventRounds "10"]
[EventCountry "GGB"]
[SourceDate "2005.02.07"]

1. d4 Nf6 2. c4 e6 3. Nf3 d5 4. Nc3 Be7 5. Bg5 O-O 6. e3 h6 7. Bh4 b6 8. Bd3
Bb7 9. O-O Nbd7 10. Rc1 c5 11. Qe2 Ne4 12. Bxe7 Qxe7 13. cxd5 exd5 14. Ba6 Ndf6
15. Qb5 Rfe8 16. dxc5 Bxa6 17. Qxa6 bxc5 18. Qd3 Red8 19. Rfe1 c4 20. Qd4 Rab8
21. Ne5 Rb6 22. Red1 Nxc3 23. Rxc3 Re8 24. Nf3 Rxb2 25. Rxc4 Rxa2 26. Ra4 Rxa4
27. Qxa4 Rb8 28. Qd4 a5 29. Ne5 Qc7 30. Nd3 Qb6 31. Nc5 Ne4 32. Nd3 Qxd4 33exd4 Nc3 34. Ra1 Rb1+ 35. Rxb1 Nxb1 36. Nb2 Nc3 37. Nd3 a4 38. Nc5 a3 39. Nb3
a2 40. Kf1 Nb5 41. Ke1 Nxd4 42. Na1 Nc6 43. Kd2 d4 44. Kc2 Nb4+ 45. Kb2 d3 46Nb3 Kf8 47. Kc3 Ke7 0-1

[Event "Gibtelecom Masters 8th"]
[Site "Gibraltar"]
[Date "2010.02.03"]
[Round "9.88"]
[White "Bryn, Askild"]
[Black "Sommerhalder, Eric"]
[Result "0-1"]
[WhiteElo "2036"]
[BlackElo "1899"]
[PlyCount "36"]
[EventDate "2010.01.26"]
[EventType "swiss"]
[EventRounds "10"]
[EventCountry "GGB"]
[SourceDate "2005.02.07"]

1. e4 c5 2. Nc3 e6 3. Bc4 Ne7 4. a3 g6 5. b4 d6 6. Nge2 Bg7 7. d4 cxd4 8. Nxd4
Nbc6 9. Ndb5 d5 10. exd5 exd5 11. Bxd5 O-O 12. Bf4 Nxd5 13. Nxd5 Re8+ 14. Kf1
Bxa1 15. Nbc7 Be6 16. Qxa1 Bxd5 17. Bh6 Bc4+ 18. Kg1 Qd4 0-1

[Event "Gibtelecom Masters 8th"]
[Site "Gibraltar"]
[Date "2010.02.03"]
[Round "9.89"]
[White "Mortensen, Henrik"]
[Black "Steinskog, Asbjorn Ottesen"]
[Result "1/2-1/2"]
[WhiteElo "2015"]
[BlackElo "1884"]
[PlyCount "60"]
[EventDate "2010.01.26"]
[EventType "swiss"]
[EventRounds "10"]
[EventCountry "GGB"]
[SourceDate "2005.02.07"]

1. e4 e5 2. Nc3 Nc6 3. Nf3 Bc5 4. d3 h6 5. g3 Nf6 6. h3 O-O 7. Bg2 d6 8. Na4
Be6 9. Nxc5 dxc5 10. O-O c4 11. Be3 cxd3 12. Qxd3 Qc8 13. g4 Rd8 14. Qe2 Nxe4
15. Bxh6 Nd6 16. Bxg7 Kxg7 17. Nxe5 Nxe5 18. Qxe5+ f6 19. Qe3 Nf7 20. f4 Bd5
21. g5 Bxg2 22. gxf6+ Kxf6 23. Qc3+ Kg6 24. f5+ Kh7 25. Kxg2 Qd7 26. Rad1 Qc6+
27. Qxc6 bxc6 28. Rde1 Re8 29. Re6 Nd6 30. Rxe8 Rxe8 1/2-1/2

[Event "Gibtelecom Masters 8th"]
[Site "Gibraltar"]
[Date "2010.02.03"]
[Round "9.90"]
[White "Odeh, Kenneth"]
[Black "Rough, Robert E"]
[Result "1-0"]
[WhiteElo "2012"]
[BlackElo "1811"]
[PlyCount "77"]
[EventDate "2010.01.26"]
[EventType "swiss"]
[EventRounds "10"]
[EventCountry "GGB"]
[SourceDate "2005.02.07"]

1. e4 d5 2. exd5 Qxd5 3. Nc3 Qd6 4. d4 c6 5. Nf3 Bf5 6. Bd3 Bxd3 7. Qxd3 Nf6 8Bd2 e6 9. O-O Be7 10. Ne2 O-O 11. Bf4 Qd8 12. Rad1 Nbd7 13. Rfe1 c5 14. Qb3 Qb6
15. Qxb6 Nxb6 16. dxc5 Bxc5 17. Bd6 Bxd6 18. Rxd6 Rfd8 19. Rdd1 Kf8 20. b3 Ke7
21. Kf1 Rxd1 22. Rxd1 Rd8 23. Rxd8 Kxd8 24. c4 h6 25. Nc3 a6 26. Ke2 Nfd7 27Ke3 Kc7 28. Kd4 Nf6 29. Ne5 Nbd7 30. Nxf7 Ng4 31. h3 Ngf6 32. Ne4 Ne8 33. Ne5
Nb8 34. Nc5 b6 35. Nxe6+ Kd6 36. Nf4 Nf6 37. b4 Nbd7 38. Nxd7 Kxd7 39. Nd5 1-0

[Event "Gibtelecom Masters 8th"]
[Site "Gibraltar"]
[Date "2010.02.03"]
[Round "9.91"]
[White "Valhondo Morales, Ruben"]
[Black "Perez Reisler, Jose"]
[Result "1-0"]
[WhiteElo "1762"]
[BlackElo "2001"]
[PlyCount "51"]
[EventDate "2010.01.26"]
[EventType "swiss"]
[EventRounds "10"]
[EventCountry "GGB"]
[SourceDate "2005.02.07"]

1. d4 Nf6 2. c4 e6 3. Nc3 c5 4. d5 d6 5. e4 g6 6. f4 exd5 7. cxd5 Bg7 8. Bb5+
Nfd7 9. a4 O-O 10. Nf3 a6 11. Be2 Re8 12. O-O Nf6 13. e5 dxe5 14. fxe5 Ng4 15e6 fxe6 16. Ng5 Bd4+ 17. Kh1 Ne5 18. Nce4 Kg7 19. Nf6 exd5 20. Qd2 Ng4 21. Nxg4
Bxg4 22. Bxg4 Be3 23. Qc3+ d4 24. Qxc5 Nd7 25. Rf7+ Kg8 26. Rxd7 1-0

[Event "Gibtelecom Masters 8th"]
[Site "Gibraltar"]
[Date "2010.02.03"]
[Round "9.92"]
[White "Hughes, Roy"]
[Black "Hansen, Erle Andrea Marki"]
[Result "1-0"]
[WhiteElo "1976"]
[BlackElo "1699"]
[PlyCount "95"]
[EventDate "2010.01.26"]
[EventType "swiss"]
[EventRounds "10"]
[EventCountry "GGB"]
[SourceDate "2005.02.07"]

1. e4 c5 2. Nc3 Nc6 3. Bb5 g6 4. Bxc6 bxc6 5. d3 Bg7 6. f4 Nf6 7. Nf3 d5 8. e5
Nd7 9. O-O O-O 10. Na4 Qa5 11. b3 Nb6 12. Bd2 Qb5 13. c4 Qa6 14. Nxc5 Qa3 15Be3 Rd8 16. Qc1 Qa5 17. a3 Nd7 18. b4 Qc7 19. Nxd7 Qxd7 20. Bc5 Ba6 21. Re1 e6
22. Qc3 Bf8 23. Bxf8 Kxf8 24. c5 Rab8 25. Nd4 Rb7 26. Reb1 Rdb8 27. Rb3 Kg8 28a4 Rc7 29. Rab1 Qe7 30. Qe1 Kh8 31. Qf2 Kg8 32. b5 cxb5 33. axb5 Bb7 34. c6 Ba8
35. Qc2 f6 36. exf6 Qxf6 37. Qf2 Rf8 38. Qe3 Re8 39. Nf3 a6 40. b6 Rxc6 41. b7
Bxb7 42. Rxb7 Rec8 43. h3 Rc3 44. Rb8 a5 45. Rxc8+ Rxc8 46. Rb6 d4 47. Nxd4
Rc1+ 48. Kh2 1-0

[Event "Gibtelecom Masters 8th"]
[Site "Gibraltar"]
[Date "2010.02.03"]
[Round "9.93"]
[White "Lochte, Szilvia"]
[Black "Kympergr, Vojtech"]
[Result "0-1"]
[WhiteElo "2032"]
[BlackElo "1599"]
[PlyCount "69"]
[EventDate "2010.01.26"]
[EventType "swiss"]
[EventRounds "10"]
[EventCountry "GGB"]
[SourceDate "2005.02.07"]

1. e4 e5 2. Nf3 Nc6 3. d4 exd4 4. Bc4 Na5 5. Qxd4 Nxc4 6. Qxc4 Qe7 7. Nc3 c6 8O-O Qc5 9. Qd3 Be7 10. e5 Qb4 11. Ne4 Kf8 12. a3 Qa5 13. Rd1 Qc7 14. Nd6 Bxd6
15. exd6 Qd8 16. Re1 f6 17. Nd4 g6 18. Qh3 c5 19. Nb5 Kf7 20. Nc7 Rb8 21. Re8
Qxe8 22. Nxe8 Kxe8 23. Qe3+ Kf7 24. Qxc5 b6 25. Qc7 Ra8 26. Bd2 f5 27. Re1 h6
28. Qd8 g5 29. Re8 Kg7 30. Be3 Bb7 31. Qxd7+ Kg6 32. Re6+ Kh5 33. Qxb7 Rd8 34Qf3+ Kh4 35. Qh3# 0-1

[Event "Gibtelecom Masters 8th"]
[Site "Gibraltar"]
[Date "2010.02.03"]
[Round "9.94"]
[White "Green, Per"]
[Black "Hagen, Anders Gjerdrum"]
[Result "1/2-1/2"]
[WhiteElo "1970"]
[BlackElo "2108"]
[PlyCount "79"]
[EventDate "2010.01.26"]
[EventType "swiss"]
[EventRounds "10"]
[EventCountry "GGB"]
[SourceDate "2005.02.07"]

1. Nf3 d5 2. d4 Nf6 3. c4 c6 4. e3 e6 5. b3 Nbd7 6. Bd3 Bd6 7. Bb2 O-O 8. Ne5
Nxe5 9. dxe5 Bb4+ 10. Ke2 Nd7 11. Nd2 b6 12. Nf3 Ba6 13. Qc2 h6 14. a3 Be7 15b4 Rc8 16. Rhd1 Qc7 17. Rac1 Bxc4 18. Bxc4 dxc4 19. Qxc4 c5 20. Qe4 Rfd8 21Nd2 Qb8 22. b5 Qa8 23. Qxa8 Rxa8 24. Nc4 Nf8 25. a4 Rxd1 26. Rxd1 Rd8 27. Rxd8
Bxd8 28. Bc3 Ng6 29. f4 Ne7 30. e4 Bc7 31. Ke3 g6 32. Be1 Nc8 33. Bh4 Kf8 34g4 Ke8 35. Be1 Bd8 36. Bc3 Kd7 37. Kd3 Bh4 38. Ke3 Bd8 39. h3 Bh4 40. Kf3
1/2-1/2

[Event "Gibtelecom Masters 8th"]
[Site "Gibraltar"]
[Date "2010.02.03"]
[Round "9.95"]
[White "Boesch, Heinz"]
[Black "Zanetti, Bruno"]
[Result "1/2-1/2"]
[WhiteElo "1948"]
[BlackElo "1978"]
[PlyCount "60"]
[EventDate "2010.01.26"]
[EventType "swiss"]
[EventRounds "10"]
[EventCountry "GGB"]
[SourceDate "2005.02.07"]

1. e4 c5 2. d4 cxd4 3. c3 dxc3 4. Nxc3 d6 5. Bc4 Nc6 6. Nf3 Nf6 7. e5 dxe5 8Qxd8+ Nxd8 9. Nxe5 a6 10. O-O Be6 11. Be2 g6 12. Bf3 Bg7 13. Re1 O-O 14. Be3
Nd7 15. Nxd7 Bxd7 16. Bc5 Nc6 17. Nd5 Rac8 18. Bxe7 Rfe8 19. Nf6+ Bxf6 20. Bxf6
Rxe1+ 21. Rxe1 Re8 22. Rxe8+ Bxe8 23. a3 Bd7 24. Kf1 Kf8 25. Ke2 Ke8 26. Kd3
Bf5+ 27. Kc4 Kd7 28. b4 Be6+ 29. Kc5 Kc7 30. Bxc6 bxc6 1/2-1/2

[Event "Gibtelecom Masters 8th"]
[Site "Gibraltar"]
[Date "2010.02.03"]
[Round "9.97"]
[White "Young, Melvyn"]
[Black "De Lillo, Michele"]
[Result "0-1"]
[WhiteElo "1717"]
[BlackElo "1934"]
[PlyCount "44"]
[EventDate "2010.01.26"]
[EventType "swiss"]
[EventRounds "10"]
[EventCountry "GGB"]
[SourceDate "2005.02.07"]

1. e4 c5 2. Nc3 Nc6 3. f4 g6 4. Nf3 Bg7 5. Bc4 e6 6. f5 Nge7 7. fxe6 dxe6 8. d3
O-O 9. O-O a6 10. a4 b6 11. Qe1 Nd4 12. Nxd4 Bxd4+ 13. Kh1 Nc6 14. Bh6 Bg7 15Bxg7 Kxg7 16. Qg3 f6 17. Rf2 Ra7 18. Raf1 Qc7 19. Qh4 h5 20. Rxf6 Qe7 21. Rxg6+
Kxg6 22. Qxe7 Rxf1# 0-1

[Event "Gibtelecom Masters 8th"]
[Site "Gibraltar"]
[Date "2010.02.03"]
[Round "9.98"]
[White "Grant, David"]
[Black "Bishop, Geoffrey L"]
[Result "0-1"]
[WhiteElo "1913"]
[BlackElo "1851"]
[PlyCount "60"]
[EventDate "2010.01.26"]
[EventType "swiss"]
[EventRounds "10"]
[EventCountry "GGB"]
[SourceDate "2005.02.07"]

1. e4 c5 2. c3 Nf6 3. e5 Nd5 4. d4 cxd4 5. cxd4 d6 6. f4 Nc6 7. Nc3 Nxc3 8bxc3 e6 9. Nf3 Be7 10. Bd3 O-O 11. O-O b6 12. Qe1 Bb7 13. Qe4 g6 14. Qe3 Rc8
15. f5 dxe5 16. Qh6 exf5 17. Ng5 Bxg5 18. Bxg5 f6 19. Bd2 Nxd4 20. cxd4 Qxd4+
21. Qe3 Qxe3+ 22. Bxe3 Rc3 23. Rfd1 e4 24. Bh6 exd3 25. Bxf8 Kxf8 26. Rac1 Rc2
27. g3 Rg2+ 28. Kf1 Rxh2 29. a3 d2 30. Rc3 Ba6+ 0-1

[Event "Gibtelecom Masters 8th"]
[Site "Gibraltar"]
[Date "2010.02.03"]
[Round "9.100"]
[White "Yarur Elsaca, Daniel"]
[Black "Carlsen, Ingrid Oen"]
[Result "0-1"]
[WhiteElo "1815"]
[BlackElo "1508"]
[PlyCount "140"]
[EventDate "2010.01.26"]
[EventType "swiss"]
[EventRounds "10"]
[EventCountry "GGB"]
[SourceDate "2005.02.07"]

1. e4 c5 2. c3 d5 3. exd5 Qxd5 4. d4 Nc6 5. Na3 cxd4 6. Nb5 Qd8 7. Nxd4 Nxd4 8cxd4 Nf6 9. Nf3 e6 10. Bd3 Bd6 11. O-O O-O 12. Bg5 h6 13. Bh4 Be7 14. Rc1 Nd5
15. Bxe7 Qxe7 16. Bb1 b6 17. Qd3 Nf6 18. Ne5 g6 19. Rfe1 Bb7 20. Qh3 Kg7 21Rc3 Rfd8 22. Qh4 Rac8 23. Rh3 Rh8 24. Qg3 Rcd8 25. Bxg6 fxg6 26. Nxg6 Qd6 27Ne5+ Kf8 28. Ng6+ Kg7 29. Ne5+ Kf8 30. Qg6 Qe7 31. Qg3 Qg7 32. Ng6+ Kf7 33Nxh8+ Qxh8 34. Qf4 Qg7 35. f3 Qg5 36. Qc7+ Rd7 37. Qc3 Nd5 38. Qc1 Qxc1 39Rxc1 Kg7 40. Rg3+ Kh7 41. Kf2 Nb4 42. Ke3 Nxa2 43. Ra1 Bd5 44. Kf4 Rf7+ 45. Ke5
Nb4 46. Kd6 Nc6 47. Rg4 Na5 48. b3 Nxb3 49. Re1 Nd2 50. Rxe6 Bxe6 51. Kxe6 Rc7
52. d5 Rc4 53. Rg3 Rd4 54. d6 Nc4 55. d7 Na5 56. Rg4 Rd2 57. f4 Nb7 58. Ke7 Rd4
59. g3 a5 60. h3 a4 61. f5 Rxg4 62. hxg4 a3 63. f6 a2 64. f7 a1=Q 65. f8=Q Qa3+
66. Ke8 Qxf8+ 67. Kxf8 b5 68. Ke7 b4 69. Ke6 b3 70. Kd5 b2 0-1

[Event "Gibtelecom Masters 8th"]
[Site "Gibraltar"]
[Date "2010.02.04"]
[Round "10.1"]
[White "Gustafsson, Jan"]
[Black "Movsesian, Sergei"]
[Result "1/2-1/2"]
[WhiteElo "2627"]
[BlackElo "2708"]
[PlyCount "40"]
[EventDate "2010.01.26"]
[EventType "swiss"]
[EventRounds "10"]
[EventCountry "GGB"]
[SourceDate "2005.02.07"]

1. d4 Nf6 2. c4 e6 3. Nc3 Bb4 4. Qc2 O-O 5. a3 Bxc3+ 6. Qxc3 d5 7. Nf3 dxc4 8Qxc4 b6 9. Bg5 Ba6 10. Qa4 c5 11. dxc5 bxc5 12. Rd1 Qb6 13. Bxf6 gxf6 14. Rd2
Nc6 15. Qh4 Kg7 16. Qg3+ Kh8 17. Qh4 Kg7 18. Qg3+ Kh8 19. Qh4 Kg7 20. Qg3+ Kh8
1/2-1/2